Online
Catalog

Educación, ciudadanía y derechos humanos. (Record no. 15820)

MARC details
000 -CABECERA
campo de control de longitud fija 01365nam a2200253 a 4500
001 - NÚMERO DE CONTROL
campo de control 000016285
005 - FECHA Y HORA DE LA ÚLTIMA TRANSACCIÓN
campo de control 20251113124908.0
008 - DATOS DE LONGITUD FIJA--INFORMACIÓN GENERAL
campo de control de longitud fija 100303s1997 dr a 001 0 spa d
040 ## - FUENTE DE LA CATALOGACIÓN
Centro catalogador/agencia de origen DO-SdBNP
Lengua de catalogación spa
Centro/agencia transcriptor BNPHU
082 ## - NÚMERO DE LA CLASIFICACIÓN DECIMAL DEWEY
Número de clasificación 370.115
Número de documento/Ítem S471e
111 2# - ENTRADA PRINCIPAL--NOMBRE DE CONGRESO/REUNIÓN
Nombre de congreso/reunión o jurisdicción como elemento de entrada Seminario de Educación y Sociedad
Número del congreso/reunión o número de parte o sección (2º :
Fecha del congreso/reunión 1996: sept. 6-7,
Sede del congreso/Lugar de la reunión Santo Domingo, República Dominicana)
9 (RLIN) 36361
245 10 - MENCIÓN DE TÍTULO
Título Educación, ciudadanía y derechos humanos.
260 ## - PUBLICACIÓN, DISTRIBUCIÓN, ETC.
Lugar de publicación, distribución, etc. Santo Domingo :
Nombre del editor, distribuidor, etc. Centro Cultural Proveda
-- Proyecto para el Apoyo a Iniciativas Democráticas,
Fecha de publicación, distribución, etc. 1997.
300 ## - DESCRIPCIÓN FÍSICA
Extensión 244 p. ;
Dimensiones 21 cm.
500 ## - NOTA GENERAL
Nota general Incluye bibliografía y notas al pie de páginas.
505 0# - NOTA DE CONTENIDO CON FORMATO
Información miscelánea A manera de presentación --
Título Educación, ciudadanía y derechos humanos --
-- La educación para los derechos humanos, su transversalidad e incorporación de los proyectos educativos --
-- Derechos humanos, democracia y desarrollo hacia un documento de agenda --
-- Informe sobre el desarrollo del seminario --
Información miscelánea Debates --
-- Apéndice.
590 ## - NOTA LOCAL (RLIN)
Nota local Inventariado, 2018/LP
650 #4 - PUNTO DE ACCESO ADICIONAL DE MATERIA--TÉRMINO DE MATERIA
Término de materia o nombre geográfico como elemento de entrada Educación para los derechos humanos
Subdivisión de forma CONGRESOS, CONFERENCIAS, ETC.
9 (RLIN) 6368
650 #0 - PUNTO DE ACCESO ADICIONAL DE MATERIA--TÉRMINO DE MATERIA
Término de materia o nombre geográfico como elemento de entrada Ciudadanía
9 (RLIN) 6372
650 #4 - PUNTO DE ACCESO ADICIONAL DE MATERIA--TÉRMINO DE MATERIA
Término de materia o nombre geográfico como elemento de entrada Educación
Subdivisión de forma CONGRESOS, CONFERENCIAS, ETC.
9 (RLIN) 36362
650 #4 - PUNTO DE ACCESO ADICIONAL DE MATERIA--TÉRMINO DE MATERIA
Término de materia o nombre geográfico como elemento de entrada Derechos humanos
Subdivisión de forma CONGRESOS, CONFERENCIAS, ETC.
9 (RLIN) 36363
710 22 - PUNTO DE ACCESO ADICIONAL--NOMBRE DE ENTIDAD CORPORATIVA
Nombre de entidad corporativa o nombre de jurisdicción como elemento de entrada Centro Cultural Poveda.
9 (RLIN) 6374
910 ## - DATOS DE OPCIÓN DEL USUARIO (OCLC)
Datos de opción del usuario Validado. Control de calidad EMS
Holdings
Estado de retiro Estado de pérdida Restricciones de uso No para préstamo Código de colección Localización permanente Ubicación/localización actual Ubicación en estantería Fecha de adquisición Número de inventario Total de préstamos Signatura topográfica completa Código de barras Fecha visto por última vez Número de copia Precio válido a partir de Tipo de ítem Koha
        Dominicana de Servicio General General Depósito 07.03.2011 LF1   370.115 S471e 16285-30 25.06.2020 e. 3 25.06.2020 Libro y Folleto Colección Dominicana de Servicio
      Excluido de préstamo Patrimonio Dominicano Patrimonio Dominicano Patrimonio Dominicano Depósito 03.03.2010 LF1   370.115 S471e 16285-10 25.06.2020   25.06.2020 Libro y Folleto Colección Patrimonio Dominicano
      Excluido de préstamo Patrimonio Dominicano Patrimonio Dominicano Patrimonio Dominicano Depósito 07.03.2011 LF1   370.115 S471e 16285-20 25.06.2020 e. 2 25.06.2020 Libro y Folleto Colección Patrimonio Dominicano

Powered by Koha